[Event "RUS-ch (Women) 60th"]
[Site "St Petersburg"]
[Date "2010.08.30"]
[Round "5"]
[White "Matveeva, Svetlana"]
[Black "Paikidze, Nazi"]
[Result "1-0"]
[WhiteElo "2379"]
[BlackElo "2346"]
[PlyCount "113"]
[EventDate "2010.08.26"]
[EventType "swiss"]
[EventRounds "9"]
[EventCountry "RUS"]
[SourceTitle "CBM 138 Extra"]
[Source "ChessBase"]
[SourceDate "2010.10.29"]
[SourceVersion "1"]
[SourceVersionDate "2010.10.29"]
[SourceQuality "1"]

1. d4 d5 2. c4 c6 3. Nc3 Nf6 4. e3 e6 5. Nf3 Nbd7 6. Qc2 Bd6 7. b3 0-0 8. Be2 e5 9. cxd5 cxd5 10. Nb5 Bb4+ 11. Bd2 Bxd2+ 12. Nxd2 a6 13. dxe5 Nxe5 14. Nd4 Bg4 15. Bxg4 Nfxg4 16. 0-0 Rc8 17. Qf5 g6 18. Qb1 Qd6 19. N2f3 Rc3 20. h3 Nxf3+ 21. Nxf3 Ne5 22. Nd4 Rfc8 23. Qb2 R8c5 24. Rad1 Nc6 25. e4 Qe5 26. Nxc6 bxc6 27. exd5 cxd5 28. Rfe1 Qf6 29. b4 R5c4 30. Rxd5 Kg7 31. a3 h5 32. Red1 Re4 33. Ra5 Rec4 34. Rad5 Re4 35. R5d3 Rxd3 36. Qxf6+ Kxf6 37. Rxd3 a5 38. Rf3+ Kg7 39. Rb3 axb4 40. axb4 Re6 41. b5 Rb6 42. h4 Kf6 43. Kh2 Ke7 44. f3 Kd7 45. Kg3 Kc7 46. Kf4 Rf6+ 47. Kg5 Rf5+ 48. Kh6 Kb6 49. g3 Rc5 50. f4 Rd5 51. Kg7 Rd7 52. Kf6 Rc7 53. Rf3 Kxb5 54. f5 gxf5 55. Rxf5+ Kc4 56. Rxh5 Kd4 57. Rg5 1-0

[Event "RUS-chT (Women) 11th"]
[Site "Dagomys"]
[Date "2010.04.07"]
[Round "7"]
[White "Matveeva, Svetlana"]
[Black "Bronnikova, Elizaveta"]
[Result "0-1"]
[WhiteElo "2373"]
[BlackElo "2271"]
[PlyCount "78"]
[EventDate "2010.04.01"]
[EventType "team-tourn"]
[EventRounds "7"]
[EventCountry "RUS"]
[SourceTitle "CBM 135 Extra"]
[Source "ChessBase"]
[SourceDate "2010.05.04"]
[SourceVersion "1"]
[SourceVersionDate "2010.05.04"]
[SourceQuality "1"]

1. d4 Nf6 2. c4 c5 3. d5 e5 4. Nc3 d6 5. g3 g6 6. Bg2 Bg7 7. Nf3 0-0 8. 0-0 a6 9. a4 Ne8 10. e4 f5 11. exf5 gxf5 12. Ng5 Nc7 13. a5 h6 14. Nh3 Nd7 15. f4 e4 16. g4 fxg4 17. Nf2 Nf6 18. Ncxe4 Nxe4 19. Nxe4 Ne8 20. Ra3 Rb8 21. Ng3 Nf6 22. f5 b5 23. axb6 Rxb6 24. b3 Qe8 25. Kh1 Qf7 26. Bd2 h5 27. Ba5 Rb7 28. Bc3 Re7 29. Ra2 h4 30. Bxf6 Qxf6 31. Ne4 Qe5 32. Qxg4 Bxf5 33. Rxf5 Rxf5 34. Rxa6 Rf4 35. Qg6 h3 36. Ra8+ Rf8 37. Rxf8+ Kxf8 38. Bf3 Qf4 39. Qg3 Rxe4 0-1

[Event "EU-ch (Women) 11th"]
[Site "Rijeka"]
[Date "2010.03.16"]
[Round "10"]
[White "Matveeva, Svetlana"]
[Black "Paehtz, Elisabeth"]
[Result "1/2-1/2"]
[WhiteElo "2373"]
[BlackElo "2486"]
[PlyCount "183"]
[EventDate "2010.03.06"]
[EventType "swiss"]
[EventRounds "11"]
[EventCountry "CRO"]
[SourceTitle "CBM 135 Extra"]
[Source "ChessBase"]
[SourceDate "2010.05.04"]
[SourceVersion "1"]
[SourceVersionDate "2010.05.04"]
[SourceQuality "1"]

1. d4 g6 2. c4 Bg7 3. Nf3 d6 4. g3 Nf6 5. Bg2 0-0 6. 0-0 Bg4 7. h3 Bxf3 8. Bxf3 Nc6 9. e3 Nd7 10. Bg2 e5 11. dxe5 Bxe5 12. Nd2 Nc5 13. Nf3 Bg7 14. Nd4 Ne5 15. b3 a5 16. Rb1 c6 17. Bd2 Re8 18. Qc2 Qc7 19. Rfd1 f5 20. Ne2 Nf7 21. Be1 Ne4 22. g4 Qe7 23. gxf5 gxf5 24. f3 Nc5 25. Bf2 Bh6 26. Ng3 Bxe3 27. Nxf5 Bxf2+ 28. Qxf2 Qe5 29. Ng3 Ne6 30. Re1 Qf6 31. Qe3 Qf4 32. Ne4 Qxe3+ 33. Rxe3 Kg7 34. Kf2 d5 35. Nd2 Nf4 36. Rg1 Kf6 37. Bf1 h5 38. h4 a4 39. Rxe8 Rxe8 40. cxd5 cxd5 41. Bb5 Nh3+ 42. Kf1 Rc8 43. Rg3 Nf4 44. bxa4 Nd6 45. Kf2 Rc2 46. Ke1 Rxa2 47. Bd7 Ra1+ 48. Kf2 Nd3+ 49. Ke2 Ne5 50. Bb5 Ra2 51. Kd1 Rb2 52. Rg8 Rb4 53. Rf8+ Ke7 54. Rh8 Rxh4 55. Ke2 Rh2+ 56. Kd1 Nef7 57. Rg8 Rh4 58. Rb8 Rb4 59. Bc6 Rd4 60. Bb5 h4 61. Ke2 Nd8 62. Nf1 Rb4 63. Ne3 Rd4 64. Kf2 Rd2+ 65. Ke1 Rd4 66. Kf2 N8f7 67. Rxb7+ Nxb7 68. Nf5+ Kf6 69. Nxd4 Ke5 70. Ne2 Nfd6 71. Bc6 Na5 72. Bd7 Nf7 73. f4+ Ke4 74. Be6 Nd8 75. Bh3 d4 76. Bg2+ Kd3 77. f5 Kc4 78. Nf4 Kc5 79. Ng6 Kd6 80. Nxh4 Ke5 81. Bf1 Ndc6 82. Bd3 Nb4 83. Nf3+ Kf6 84. Be4 Nb3 85. Ke2 Nc5 86. Nxd4 Nxe4 87. a5 Ke5 88. Ke3 Nc5 89. Nf3+ Kxf5 90. Kd4 Nb3+ 91. Kc4 Nxa5+ 92. Kxb4 1/2-1/2